Gentilés de villes allemandes - Statistiques

Statistiques générales
  • Ce quiz a été pris 33 fois
  • Le résultat moyen est 9 sur 13
Statistiques - réponses
Hint Réponse % Correct
Berlin Berlinois
100%
Munich Munichois
94%
Brême Brêmois
91%
Hambourg Hambourgeois
84%
Fribourg Fribourgeois
81%
Bonn Bonnois
72%
Francfort Francfortois
66%
Mayence Mayençais
63%
Nuremberg Nurembergeois
59%
Cologne Colonais
56%
Hanovre Hanovrien
56%
Trèves Trévois
56%
Stuttgartt Stuttgartois
53%
Aucun quiz correspondant
Distribution des résultats
% des personnes avec chaque résultat
Percentile par nombre de réponses
Votre historique - résultats
Vous n’avez pas pris ce quiz